| 000 | 00644nam a2200253Ia 4500 | ||
|---|---|---|---|
| 003 | OSt | ||
| 005 | 20220924153150.0 | ||
| 006 | a|||||r|||| 00| 0 | ||
| 007 | ta | ||
| 008 | 220923b |||||||| |||| 00| 0 guj d | ||
| 024 | _a347052 | ||
| 037 | _cTextual | ||
| 040 |
_aARTS _cARTS _bguj |
||
| 041 |
_2guj _aguj |
||
| 082 | _aO156,3NTH1,1, J4 | ||
| 100 |
_aThakur Jaya Au. _9228214 |
||
| 245 | 0 | _aMota ghar ni vahu | |
| 260 | _c1954 | ||
| 300 |
_a230p. _ccm. |
||
| 650 | _a GUJRATI LITERATURE | ||
| 650 | _aGUJRATI FICTION | ||
| 942 |
_hO156,3NTH1,1, J4 _cTEXL _2CC |
||
| 999 |
_c472551 _d472551 |
||